| 000 | 00983nam a22003137a 4500 | ||
|---|---|---|---|
| 003 | CHAP | ||
| 005 | 20220817041947.0 | ||
| 008 | 971013s1069 r 00010 d | ||
| 010 | _a30086 | ||
| 011 | _a31058 | ||
| 035 | _a35170 | ||
| 040 | _cCHAP | ||
| 082 |
_a338.9 _bN3 |
||
| 100 | 0 | 0 |
_aNader, Claire. _980033 |
| 245 | _aScience and technology in developing countries ; proceedings of a conference... | ||
| 260 |
_aCambridge : _bCambridge University, _c1069 |
||
| 300 |
_a588 p. _b; gráfs. |
||
| 590 |
_aBATCH-UPD _b10 _c20130110 _lUCH01 _h1026 |
||
| 590 |
_aBATCH-UPD _b10 _c20130410 _lUCH01 _h0630 |
||
| 590 |
_aBATCH-UPD _b10 _c20130914 _lUCH01 _h1149 |
||
| 590 |
_aCONVERSION _b10 _c20130109 _lUCH01 _h1317 |
||
| 650 | 1 | 4 | _aDesarrollo económico. |
| 650 | 1 | 4 |
_aPolítica científica. _990459 |
| 650 | 1 | 4 | _aPolítica económica. |
| 700 | 0 |
_aZahlam, A. B. _9123436 |
|
| 901 | _aBK | ||
| 942 | _cLIBRO | ||
| 949 |
_a338.9 N3 _bBC _cLIBRO _d33724000422515 _eLIBRO _h31628 _i35170 _si |
||
| 999 |
_c30086 _d30086 |
||